<?xml version="1.0" encoding="UTF-8"?>
<record
    xmlns:xsi="http://www.w3.org/2001/XMLSchema-instance"
    xsi:schemaLocation="http://www.loc.gov/MARC21/slim http://www.loc.gov/standards/marcxml/schema/MARC21slim.xsd"
    xmlns="http://www.loc.gov/MARC21/slim">

  <leader>00397nam a22001697a 4500</leader>
  <controlfield tag="005">20260310164225.0</controlfield>
  <controlfield tag="008">260310b        |||||||| |||| 00| 0 eng d</controlfield>
  <datafield tag="020" ind1=" " ind2=" ">
    <subfield code="a">978-93-95759-37-3</subfield>
  </datafield>
  <datafield tag="041" ind1=" " ind2=" ">
    <subfield code="a">eng</subfield>
  </datafield>
  <datafield tag="082" ind1=" " ind2=" ">
    <subfield code="a">346.066 RAJ-C</subfield>
  </datafield>
  <datafield tag="100" ind1=" " ind2=" ">
    <subfield code="a">RAJORIA, DR. KRATI</subfield>
    <subfield code="9">8891</subfield>
  </datafield>
  <datafield tag="245" ind1=" " ind2=" ">
    <subfield code="a">COMPANY LAW</subfield>
  </datafield>
  <datafield tag="260" ind1=" " ind2=" ">
    <subfield code="a">FARIDABAD</subfield>
    <subfield code="b">ALLAHABAD LAW AGENCY</subfield>
  </datafield>
  <datafield tag="300" ind1=" " ind2=" ">
    <subfield code="a">323;P</subfield>
  </datafield>
  <datafield tag="650" ind1=" " ind2=" ">
    <subfield code="a">LAW</subfield>
  </datafield>
  <datafield tag="942" ind1=" " ind2=" ">
    <subfield code="c">BK</subfield>
  </datafield>
  <datafield tag="999" ind1=" " ind2=" ">
    <subfield code="c">9071</subfield>
    <subfield code="d">9069</subfield>
  </datafield>
  <datafield tag="952" ind1=" " ind2=" ">
    <subfield code="0">0</subfield>
    <subfield code="1">0</subfield>
    <subfield code="4">0</subfield>
    <subfield code="7">0</subfield>
    <subfield code="8">LAW</subfield>
    <subfield code="a">JRU</subfield>
    <subfield code="b">JRU</subfield>
    <subfield code="c">SHELF-29-D</subfield>
    <subfield code="d">2026-03-09</subfield>
    <subfield code="e">PURCHASE</subfield>
    <subfield code="g">495.00</subfield>
    <subfield code="h">LBI/000882 DATE-06/03/2026</subfield>
    <subfield code="l">2</subfield>
    <subfield code="o">346.066</subfield>
    <subfield code="p">29331</subfield>
    <subfield code="r">2026-04-22 10:19:27</subfield>
    <subfield code="s">2026-04-15</subfield>
    <subfield code="w">2026-03-10</subfield>
    <subfield code="y">BK</subfield>
  </datafield>
  <datafield tag="952" ind1=" " ind2=" ">
    <subfield code="0">0</subfield>
    <subfield code="1">0</subfield>
    <subfield code="4">0</subfield>
    <subfield code="7">0</subfield>
    <subfield code="8">LAW</subfield>
    <subfield code="a">JRU</subfield>
    <subfield code="b">JRU</subfield>
    <subfield code="c">SHELF-29-D</subfield>
    <subfield code="d">2026-03-09</subfield>
    <subfield code="e">PURCHASE</subfield>
    <subfield code="g">495.00</subfield>
    <subfield code="h">LBI/000882 DATE-06/03/2026</subfield>
    <subfield code="l">2</subfield>
    <subfield code="o">346.066</subfield>
    <subfield code="p">29332</subfield>
    <subfield code="r">2026-05-08 16:01:10</subfield>
    <subfield code="s">2026-03-28</subfield>
    <subfield code="w">2026-03-10</subfield>
    <subfield code="y">BK</subfield>
  </datafield>
  <datafield tag="952" ind1=" " ind2=" ">
    <subfield code="0">0</subfield>
    <subfield code="1">0</subfield>
    <subfield code="4">0</subfield>
    <subfield code="7">0</subfield>
    <subfield code="8">LAW</subfield>
    <subfield code="a">JRU</subfield>
    <subfield code="b">JRU</subfield>
    <subfield code="c">SHELF-29-D</subfield>
    <subfield code="d">2026-03-09</subfield>
    <subfield code="e">PURCHASE</subfield>
    <subfield code="g">495.00</subfield>
    <subfield code="h">LBI/000882 DATE-06/03/2026</subfield>
    <subfield code="l">1</subfield>
    <subfield code="o">346.066</subfield>
    <subfield code="p">29333</subfield>
    <subfield code="r">2026-04-23 15:51:43</subfield>
    <subfield code="s">2026-03-20</subfield>
    <subfield code="w">2026-03-10</subfield>
    <subfield code="y">BK</subfield>
  </datafield>
  <datafield tag="952" ind1=" " ind2=" ">
    <subfield code="0">0</subfield>
    <subfield code="1">0</subfield>
    <subfield code="4">0</subfield>
    <subfield code="7">0</subfield>
    <subfield code="8">LAW</subfield>
    <subfield code="a">JRU</subfield>
    <subfield code="b">JRU</subfield>
    <subfield code="c">SHELF-29-D</subfield>
    <subfield code="d">2026-03-09</subfield>
    <subfield code="e">PURCHASE</subfield>
    <subfield code="g">495.00</subfield>
    <subfield code="h">LBI/000882 DATE-06/03/2026</subfield>
    <subfield code="l">0</subfield>
    <subfield code="o">346.066</subfield>
    <subfield code="p">29334</subfield>
    <subfield code="r">2026-03-10 07:19:52</subfield>
    <subfield code="w">2026-03-10</subfield>
    <subfield code="y">BK</subfield>
  </datafield>
  <datafield tag="952" ind1=" " ind2=" ">
    <subfield code="0">0</subfield>
    <subfield code="1">0</subfield>
    <subfield code="4">0</subfield>
    <subfield code="7">0</subfield>
    <subfield code="8">LAW</subfield>
    <subfield code="a">JRU</subfield>
    <subfield code="b">JRU</subfield>
    <subfield code="c">SHELF-29-D</subfield>
    <subfield code="d">2026-03-09</subfield>
    <subfield code="e">PURCHASE</subfield>
    <subfield code="g">495.00</subfield>
    <subfield code="h">LBI/000882 DATE-06/03/2026</subfield>
    <subfield code="l">0</subfield>
    <subfield code="o">346.066</subfield>
    <subfield code="p">29335</subfield>
    <subfield code="r">2026-03-10 07:19:52</subfield>
    <subfield code="w">2026-03-10</subfield>
    <subfield code="y">BK</subfield>
  </datafield>
  <datafield tag="952" ind1=" " ind2=" ">
    <subfield code="0">0</subfield>
    <subfield code="1">0</subfield>
    <subfield code="4">0</subfield>
    <subfield code="7">0</subfield>
    <subfield code="8">LAW</subfield>
    <subfield code="a">JRU</subfield>
    <subfield code="b">JRU</subfield>
    <subfield code="c">SHELF-29-D</subfield>
    <subfield code="d">2026-03-09</subfield>
    <subfield code="e">PURCHASE</subfield>
    <subfield code="g">495.00</subfield>
    <subfield code="h">LBI/000882 DATE-06/03/2026</subfield>
    <subfield code="l">0</subfield>
    <subfield code="o">346.066</subfield>
    <subfield code="p">29336</subfield>
    <subfield code="r">2026-03-10 07:19:52</subfield>
    <subfield code="w">2026-03-10</subfield>
    <subfield code="y">BK</subfield>
  </datafield>
</record>
